El presbítero y doctor don José Matías Delgado (Registro nro. 17121)

Detalles MARC
000 -CABECERA
Longitud fija campo de control 00792nam a2200217 b 4500
003 - IDENTIFICADOR DELl NÚMERO DE CONTROL
Identificador del número de control OSt
005 - FECHA Y HORA DE LA ÚLTIMA TRANSACCIÓN
Fecha y hora de la última transacción 20150213150713.0
008 - CÓDIGOS DE INFORMACIÓN DE LONGITUD FIJA
Códigos de información de longitud fija 970317s1962 es | ||| ||spa
040 ## - FUENTE DE LA CATALOGACIÓN
Centro transcriptor BMC
082 ## - NÚMERO DE LA CLASIFICACIÓN DECIMAL DEWEY
Númeroo de clasificación 972.84092
082 ## - NÚMERO DE LA CLASIFICACIÓN DECIMAL DEWEY
Númeroo de clasificación 972.8403
100 1# - PUNTO DE ACCESO PRINCIPAL-NOMBRE DE PERSONA
Nombre de persona Meléndez Chaverri, Carlos
9 (RLIN) 9513
245 13 - MENCIÓN DE TÍTULO
Título El presbítero y doctor don José Matías Delgado
Resto del título : en la forja de la nacionalidad centroamericana, Ensayo histórico
Mención de responsabilidad, etc. Carlos Meléndez Chaverri
250 ## - MENCIÓN DE EDICIÓN
Mención de edición 1ª ed
260 ## - PUBLICACIÓN, DISTRIBUCIÓN, ETC. (PIE DE IMPRENTA)
Lugar de publicación, distribución, etc. San Salvador
Nombre del editor, distribuidor, etc. Ministerio de Educación, Dirección General de Publicaciones
Fecha de publicación, distribución, etc. 1962
300 ## - DESCRIPCIÓN FÍSICA
Extensión 357 p.
Dimensiones 20 cm
490 0# - MENCIÓN DE SERIE
Mención de serie Biblioteca José Matías Delgado
Designación de volumen o secuencia 4
600 24 - PUNTO DE ACCESO ADICIONAL DE MATERIA - NOMBRE DE PERSONA
Nombre de persona Delgado, José Matías
9 (RLIN) 3652
Fechas asociadas al nombre 1767-1832
651 24 - PUNTO DE ACCESO ADICIONAL DE MATERIA - NOMBRE GEOGRÁFICO
9 (RLIN) 9434
Nombre geográfico El Salvador
Subdivisión de materia general Historia
Subdivisión cronológica 1542-1821 (Época colonial)
942 ## - ENTRADA DE ELEMENTOS AGREGADOS (KOHA)
Fuente de clasificaión o esquema Dewey Decimal Classification
Koha [por defecto] tipo de item 1- Monografias
Existencias
Suprimido Perdido Fuente de clasificación o esquema Estropeado Restricciones de uso No para préstamo Código de colección Localización permanente Localización actual Localización en estanter&íacute;as Fecha adquisición Fuente de adquisición Número de inventario Préstamos totales Signatura completa Código de barras Fecha última consulta Fecha del precio de reemplazo Tipo de item de Koha Fecha último préstamo
NULL NULL Dewey Decimal Classification NULL Prestable NULL NULL Biblioteca Miguel de Cervantes - UNICAES Biblioteca Miguel de Cervantes - UNICAES Sala Principal 07/01/2015 Donación - Marco Rene Revelo 026485   972.84 MEL pre 1026895 07/01/2015 07/01/2015 1- Monografias  
NULL NULL Dewey Decimal Classification NULL Prestable NULL NULL Biblioteca Miguel de Cervantes - UNICAES Biblioteca Miguel de Cervantes - UNICAES Sala Principal 23/01/2015 Donación - Jorge Giammattei 027076 1 972.84 MEL pre 1027486 16/09/2021 23/01/2015 1- Monografias 29/07/2021